The Limits of educational planning

Tallennettuna:
Bibliografiset tiedot
Päätekijä: Levin, H.
Aineistotyyppi: Teksti
Julkaistu: París :
Tagit: Lisää tagi
Ei tageja, Lisää ensimmäinen tagi!

MARC

LEADER 00000 a a2200000 04500
001 16476
003
040 |a CRAI/IIS  |c CRAI/IIS 
090 |a 012000  
100 |a Levin, H.  
245 |a The Limits of educational planning  
260 |a París :  
300 |a 55 p.  
999 |c 14289  |d 14289